Marfiles cristianos del Oriente en México / (Registro nro. 42082)
[ vista simple ]
| 000 -LEADER | |
|---|---|
| fixed length control field | 01254cam a2200325 i 4500 |
| 001 - CONTROL NUMBER | |
| control field | 42082 |
| 003 - CONTROL NUMBER IDENTIFIER | |
| control field | Mx-PuUPA |
| 005 - DATE AND TIME OF LATEST TRANSACTION | |
| control field | 20260217143059.0 |
| 008 - FIXED-LENGTH DATA ELEMENTS--GENERAL INFORMATION | |
| fixed length control field | 140415s1986 a gr 001 0 spa d |
| 020 ## - INTERNATIONAL STANDARD BOOK NUMBER | |
| International Standard Book Number | 9687009071 |
| 040 ## - CATALOGING SOURCE | |
| Original cataloging agency | Mx-PuUPA |
| Language of cataloging | spa |
| Transcribing agency | Mx-PuUPA |
| Modifying agency | Mx-PuUPA |
| Description conventions | rda |
| 041 0# - LANGUAGE CODE | |
| Language code of text/sound track or separate title | spa |
| 043 ## - GEOGRAPHIC AREA CODE | |
| Geographic area code | n-mx--- |
| 043 ## - GEOGRAPHIC AREA CODE | |
| Geographic area code | a------ |
| 100 1# - MAIN ENTRY--PERSONAL NAME | |
| Personal name | Sánchez Navarro de Pintado, Beatriz, |
| 9 (RLIN) | 17574 |
| Relator term | autor |
| 245 10 - TITLE STATEMENT | |
| Title | Marfiles cristianos del Oriente en México / |
| Statement of responsibility, etc. | Beatriz Sánchez Navarro de Pintado |
| 300 ## - PHYSICAL DESCRIPTION | |
| Extent | 128 páginas, 105 láminas sin numerar : |
| Other physical details | ilustraciones (principalmente a color) ; |
| Dimensions | 31 cm + |
| Accompanying material | 1 hoja plegada en 6 sin numerar |
| 336 ## - CONTENT TYPE | |
| Fuente | rdacontent |
| Content type term | texto |
| Content type code | txt |
| 337 ## - MEDIA TYPE | |
| Source | rdamedia |
| Media type term | sin medio |
| Media type code | n |
| 338 ## - CARRIER TYPE | |
| Source | rdacarrier |
| Carrier type term | volumen |
| Carrier type code | nc |
| 650 #7 - SUBJECT ADDED ENTRY--TOPICAL TERM | |
| Source of heading or term | armarc |
| Topical term or geographic name entry element | Arte cristiano antiguo |
| Geographic subdivision | Asia |
| Form subdivision | Catálogos |
| 650 #7 - SUBJECT ADDED ENTRY--TOPICAL TERM | |
| Source of heading or term | armarc |
| Topical term or geographic name entry element | Marfiles |
| Geographic subdivision | Asia |
| General subdivision | Influencias portuguesas |
| 650 #7 - SUBJECT ADDED ENTRY--TOPICAL TERM | |
| Source of heading or term | armarc |
| Topical term or geographic name entry element | Marfiles |
| General subdivision | Colecciones privadas |
| Geographic subdivision | México |
| Form subdivision | Catálogos |
| 650 #7 - SUBJECT ADDED ENTRY--TOPICAL TERM | |
| Source of heading or term | armarc |
| Topical term or geographic name entry element | Santos (Arte) |
| Geographic subdivision | Asia |
| Form subdivision | Catálogos |
| 650 #7 - SUBJECT ADDED ENTRY--TOPICAL TERM | |
| Source of heading or term | armarc |
| Topical term or geographic name entry element | Talla (Artes decorativas) |
| 942 ## - ADDED ENTRY ELEMENTS (KOHA) | |
| Source of classification or shelving scheme | Dewey Decimal Classification |
| Koha item type | Libro |
| Classification part | 736.6 |
| Item part | S54 |
| Withdrawn status | Lost status | Source of classification or shelving scheme | Damaged status | Not for loan | Collection code | Home library | Current library | Shelving location | Date acquired | Source of acquisition | Cost, normal purchase price | Total Checkouts | Full call number | Barcode | Date last seen | Cost, replacement price | Price effective from | Koha item type |
|---|---|---|---|---|---|---|---|---|---|---|---|---|---|---|---|---|---|---|
| Dewey Decimal Classification | En catalogación | General | Biblioteca Karol Wojtyla | Biblioteca Karol Wojtyla | Área de silencio | 03/12/2013 | Donación | 0.00 | 736.6 S54 1986 | 63389 | 09/04/2026 | 0.00 | 03/12/2013 | Folio |